000 01256cad a22002175a 4500
001 L157687
008 130228s2013 xxk f 000 0 eng d
035 _a(Sirsi) u157687
041 0 _aeng
110 2 _aInstitute for Transport Studies
_96126
245 0 0 _aValuation of Townscapes and Pedestrianisation
_bFinal Report
_h[electronic resource]
260 _aLeeds
_bInstitute for Transport Studies
_c2013
520 _aResearch commissioned by the Department of Transport into users valuations of townscape improvements and pedestrianisation. The short term objectives of this initial study were to explore potential approaches to valuation of these benefits by a review of the relevant literature, an assessment of possible approaches to valuation of townscape and pedestrianisation and a pilot study to test the feasibility of the preferred valuation techniques emerging from the review.
590 _aKA
651 4 _aEngland
_y886-
690 _aPlanning and development
_96259
690 _aValuation
_96273
710 1 _aAtkins Consultants
856 4 0 _uhttps://www.gov.uk/government/uploads/system/uploads/attachment_data/file/89395/pedestrianisation-townscape-research-report.pdf
_zView the research free of charge at www.gov.uk
942 _n0
999 _c114922
_d114922